Sme, akí sme...

Bibliographic Details
Main Author: Riedlová, Libuša (Author)
Format: Article
Language:Slovak
Subjects:

MARC

LEADER 00000nab a2200000 a 4500
001 vtls001512534
003 SK-MaSNL
005 20260426083627.0
008 250505s2003 xo 000 0 slo
035 |a SPKCL14861 
035 |a urn:nbn:sk:snk-abd4zc 
035 |a (urnnbn)urn:nbn:sk:snk:ar-007f6z 
035 |a (uuid)153aca61-d84b-405a-a9f7-ea7e29e40f5e 
040 |a SNKBUCL  |b slo  |c SNKBUCL  |e AACR2 
041 0 |a slo 
044 |a xo  |c SK 
080 |a 377.35:379.8  |2 1981 
100 1 |a Riedlová, Libuša  |4 aut  |9 896053 
245 1 0 |a Sme, akí sme...  |c Libuša Riedlová 
650 0 7 |a stredné odborné učilištia  |2 snkbucl  |9 30904 
650 0 7 |a mládež  |2 snkbucl  |9 1575 
650 0 7 |a záujmová činnosť  |2 snkbucl  |9 3674 
650 0 7 |a voľný čas  |2 snkbucl  |9 3355 
651 7 |a Bratislava (Slovensko)  |2 snkbucl  |9 14568 
773 0 |t Vychovávateľ : Časopis pedagógov  |g Roč. 48, č. 8 (2003) s. 35-36 
850 |a Slovenská národná knižnica 
852 |a Slovenská národná knižnica 
954 |a odborná, vedecká literatúra pôvodná (slovenská)  |2 lita 
958 |a article17 
958 |a OND 
958 |a EUIPO 
999 |c 2909938  |d 2911868